000 01800nam0a2200337 4500
001 RU\NLR\bibl\2084819
005 20260406025446.0
020 _aRU
_9ЛЕНИНГРАД В ВЕЛИКОЙ ОТЕЧЕСТВЕННОЙ ВОЙНЕ: Печать Ленинграда, 1941 - 1945: каталог изданий, хранящихся в фондах Государственной Публичной библиотеки, вып.2. Листовки,плакаты,открытки,альбомы/Гос.публ.б-ка им.М.Е.Салтыкова-Щедрина. - Ленинград,1972
_b420
035 _a(NLR Aleph) 010001307
090 _a9796102
_c9796102
100 _a20250810 rusy50
101 0 _arus
102 _aRU
105 _ay z |||||
200 1 _aКак На зорьке, на заре
_eноты и текст песни
_fмузыка Наталии Леви
_gтекст Вл. Лифшица
210 _aЛенинград
_cИскусство
_d1944, апр. 1
215 _a4 с.
_d24х17
225 1 _aПесни ленингр. композиторов
606 1 _aБлокада Ленинграда
_jЛистовки
_z1941 - 1944
_92077679
_3RU\NLR\AUTH\661253360
686 _aЩ319.41(2)
686 _aТ3(2)722.721,011
700 1 _4230
_7ca
_8rus
_aЛеви
_bН. Н.
_f1901-1972
_gНаталия Николаевна
_9110041
_3RU\NLR\auth\77127117
702 1 _4570
_aЛифшиц
_bВ. А.
_cписатель
_f1913-1978
_gВладимир Александрович
_987652
_3RU\NLR\auth\77104727
801 0 _aRU
_bNLR
_c19720101
_gPSBO
801 1 _aRU
_bNLR
_c20131030
_gRCR
852 _aNLR
_bЛ3-350
_j3/9
942 _cBOOK
945 _aРоссийская национальная библиотека
980 _aNB
980 _aBV